000 00457nam a22001217a 4500
999 _c10199
_d10199
003 OSt
008 201218b ||||| |||| 00| 0 eng d
245 _aIEEMA Journal
250 _a2010(Feb Vol.1 No.6, Mar Vol.1 No.7, May Vol.1 No.9, Jun Vol.1 No.10, Jul Vol.1 No.11, Aug Vol.1 No.12, Sep Vol.2 No.1)
260 _aMumbai
_bIndian Electrical and Electronics Manufacturers Association
650 _aElectronics and Communication Engineering
942 _2ddc
_cBV